| 000 | 01038pam a2200313 a 4500 | ||
|---|---|---|---|
| 001 | 13402393 | ||
| 005 | 20150314112928.0 | ||
| 008 | 031113s2004 nyuab b 001 0 eng | ||
| 010 | _a 2003115360 | ||
| 020 | _a1884829902 (pbk.) | ||
| 020 | _a1884829910 | ||
| 020 | _a9781884829901 | ||
| 040 |
_aDLC _cDLC |
||
| 043 | _an-us--- | ||
| 082 |
_2307.12160973 _a22 _bCLA |
||
| 245 | 0 | 0 |
_aClassic readings in Urban planning / _cedited by Jay M. Stein. |
| 250 | _a2nd ed. | ||
| 260 |
_aChicago, United States : _bAPA Planners Press, _cc.2004. |
||
| 300 |
_aviii, 421 p. : _bill., maps ; _c24 cm. |
||
| 504 | _aIncludes bibliographical references and index. | ||
| 650 | 0 |
_aCity planning _zUnited States. |
|
| 653 |
_bENGARC _cMarch2015 |
||
| 655 |
_vreading book _934232 |
||
| 700 | 1 | _aStein, Jay M. | |
| 906 |
_a7 _bcbc _corigcop _d2 _eepcn _f20 _gy-gencatlg |
||
| 942 |
_2ddc _k307.12160973 CLA |
||
| 999 |
_c19014 _d18986 |
||